América Latina y el Caribe: políticas para mejorar la inserción en la economía mundial
Gorde:
| Erakunde egilea: | |
|---|---|
| Formatua: | Liburua |
| Hizkuntza: | gaztelania |
| Argitaratua: |
Santiago
Fondo de Cultura Económica
1998
|
| Edizioa: | 2a. ed |
| Saila: | Sección de obras de Economía Contemporánea
|
| Gaiak: | |
| Etiketak: |
Etiketa erantsi
Etiketarik gabe, Izan zaitez lehena erregistro honi etiketa jartzen!
|
MARC
| LEADER | 00000cam a2200000 a 4500 | ||
|---|---|---|---|
| 001 | UCQ2594 | ||
| 003 | CL-VaPUC | ||
| 008 | 980724e19980000CL |||||||||||||||||spa|d | ||
| 082 | 0 | 4 | |a 330.9 |b CEP |2 21 |
| 110 | 2 | |a CEPAL |e author |9 416583 | |
| 245 | 1 | 0 | |a América Latina y el Caribe: políticas para mejorar la inserción en la economía mundial |
| 250 | |a 2a. ed | ||
| 300 | |a 468 p | ||
| 942 | |c BK | ||
| 945 | |d 19980724 00:00:00 |a aarredon | ||
| 260 | |a Santiago |b Fondo de Cultura Económica |c 1998 | ||
| 650 | 0 | |a Economía internacional |9 258254 | |
| 650 | 7 | |a ECONOMIA MUNDIAL |2 CL-VaPUC |9 416584 | |
| 650 | 0 | |a Economía internacional |9 258254 | |
| 650 | 0 | |a Política |9 255312 | |
| 650 | 7 | |a INSERCION |2 CL-VaPUC |9 404456 | |
| 650 | 0 | |a Política comercial |9 259070 | |
| 651 | 0 | |a América Latina |9 255027 | |
| 651 | 7 | |a ISLAS CARIBES |2 CL-VaPUC |9 255533 | |
| 583 | |a last modification |c 20140529 11:43:47 |k Rodrigo Vera | ||
| 490 | 0 | |a Sección de obras de Economía Contemporánea | |
| 999 | |c 273394 |d 273392 | ||
| 952 | |0 0 |1 0 |4 0 |6 330_900000000000000_CEP_1998 |7 0 |8 A |9 308927 |a BIBING |b BIBING |d 2019-11-20 |i 3446220 |o 330.9 CEP 1998 |p 3446220 |r 2025-01-20 |w 2019-11-20 |y BK |k GEO | ||
| 952 | |0 0 |1 0 |3 erb |4 0 |6 330_900000000000000_CEP_1998 |7 0 |8 A |9 308928 |a BIBING |b BIBING |i 507116K |o 330.9 CEP 1998 |p 507116K |r 2025-01-20 |w 2019-11-20 |y BK |z Catalogado en:20140529 |k GEO | ||